Biblioteca "Ernesto Sabato"
Facultad de Derecho y Ciencias Sociales
Facultad de Lenguas
Universidad Nacional del Comahue

Listen to this! (Record no. 15215)

MARC details
000 -CABECERA
campo de control de longitud fija 00584cam a22002292a 4500
001 - NÚMERO DE CONTROL
campo de control 009418
003 - IDENTIFICADOR DEL NÚMERO DE CONTROL
campo de control AR-FADEU
008 - DATOS DE LONGITUD FIJA--INFORMACIÓN GENERAL
campo de control de longitud fija 311216n1975####xxu####################dd
020 ## - NÚMERO INTERNACIONAL ESTÁNDAR DEL LIBRO
Número Internacional Estándar del Libro 0-19-457010X
092 ## - ASIGNACIÓN LOCAL DE SIGNATURA TOPOGRÁFICA DEWEY (OCLC)
Número de clasificación 428.321
Número de documento/Ítem U561-2
100 ## - ENTRADA PRINCIPAL--NOMBRE DE PERSONA
Nombre de persona Underwood, Mary
245 ## - MENCIÓN DE TÍTULO
Título Listen to this!
250 ## - MENCIÓN DE EDICIÓN
Mención de edición 2a. ed
260 ## - PUBLICACIÓN, DISTRIBUCIÓN, ETC. (PIE DE IMPRENTA)
Lugar de publicación, distribución, etc. London
260 ## - PUBLICACIÓN, DISTRIBUCIÓN, ETC. (PIE DE IMPRENTA)
Nombre del editor, distribuidor, etc. Oxford University
260 ## - PUBLICACIÓN, DISTRIBUCIÓN, ETC. (PIE DE IMPRENTA)
Fecha de publicación, distribución, etc. 1975
300 ## - DESCRIPCIÓN FÍSICA
Extensión 92 p
500 ## - NOTA GENERAL
Nota general La Biblioteca posee además: Cassette de Audio
546 ## - NOTA DE LENGUA/LENGUAJE
Nota de lengua/lenguaje Inglés
650 ## - PUNTO DE ACCESO ADICIONAL DE MATERIA--TÉRMINO DE MATERIA
Término de materia o nombre geográfico como elemento inicial /LINGUSTICA/INGLES-USO; PERCEPCION Y COMPRENSION/REVISADO/
942 ## - ELEMENTOS DE PUNTO DE ACCESO ADICIONAL (KOHA)
Tipo de ítem Koha BDGR
Holdings
Estado de retiro Estado de pérdida Estado dañado No para préstamo Localización permanente Ubicación/localización actual Fecha de adquisición Número de inventario Total de préstamos Signatura topográfica completa Código de barras Fecha visto por última vez Precio válido a partir de Tipo de ítem Koha
        Biblioteca Ernesto Sabato - FADECS - UNCOMA Biblioteca Ernesto Sabato - FADECS - UNCOMA 21/02/2017 01842   428.321 U561-2 01842 21/02/2017 21/02/2017 BDGR
Facultad de Derecho y Ciencias Sociales | Universidad Nacional del Comahue | Mendoza y Perú General Roca | Río Negro CP (8332) | Patagonia Argentina | Teléfono: 54-0298-4433670 | | Fax: 0298-4432093 | Fax alumnos: 0298-4435700